[Event "London Classic - FIDE Open"]
[Site "Olympia"]
[Date "2009.12.12"]
[Round "6"]
[White "Sabin, Frank"]
[Black "Healeas, Simon"]
[Result "0-1"]
[WhiteElo "1690"]
[BlackElo "1801"]
[PlyCount "86"]
[EventDate "2009.??.??"]

1. d4 Nf6 2. c4 g6 3. Nc3 Bg7 4. e4 d6 5. f3 b6 6. Be3 Bb7 7. Bd3 Nbd7 8. Nge2
a6 9. a4 c5 10. d5 Ne5 11. O-O O-O 12. f4 Nxd3 13. Qxd3 Ng4 14. h3 Nxe3 15.
Qxe3 Bc8 16. Rab1 Bd7 17. b4 Rb8 18. bxc5 bxc5 19. Rxb8 Qxb8 20. Rb1 Qc7 21.
Qc1 Rb8 22. Qc2 Rb4 23. Qa2 f5 24. a5 Qb8 25. Qc2 fxe4 26. Rxb4 cxb4 27. Qb3
Qa7+ 28. Kh1 bxc3 29. Nxc3 e3 30. Ne2 Bd4 31. Kh2 Bc5 32. Qb2 Bf5 33. Qb3 h5
34. Kg3 Qc7 35. Qa4 Kf7 36. Kf3 Ba7 37. Qa2 Bd3 38. c5 Qxc5 39. Qa1 Qxd5+ 40.
Kg3 h4+ 41. Kxh4 Bxe2 42. Qh8 Qh5+ 43. Qxh5 Bxh5 0-1

[Event "London Classic - FIDE Open"]
[Site "Olympia"]
[Date "2009.12.12"]
[Round "6"]
[White "Bratteteig, Tore-Inge"]
[Black "Hoffmann, Piotr"]
[Result "1-0"]
[WhiteElo "1679"]
[BlackElo "1748"]
[PlyCount "93"]
[EventDate "2009.??.??"]

1. d4 Nf6 2. Nf3 d5 3. e3 e6 4. c4 Bb4+ 5. Bd2 Bxd2+ 6. Nbxd2 O-O 7. Rc1 c6 8.
Bd3 Nbd7 9. Qc2 h6 10. O-O Re8 11. Ne5 Nxe5 12. dxe5 Nd7 13. f4 Nc5 14. Nf3
Nxd3 15. Qxd3 dxc4 16. Qxc4 Qb6 17. Qc3 Bd7 18. g4 Red8 19. h4 Be8 20. h5 Rd7
21. Rcd1 Rxd1 22. Rxd1 Rd8 23. Rd6 Rxd6 24. exd6 f6 25. Kg2 c5 26. Qd2 Qc6 27.
Kg3 b6 28. Qd3 Bd7 29. e4 c4 30. Qd4 a6 31. e5 Kf7 32. Nd2 Qh1 33. Qf2 Bc6 34.
Nxc4 Kg8 35. Nxb6 g5 36. hxg6 f5 37. gxf5 exf5 38. d7 Qd1 39. d8=Q+ Qxd8 40.
Qe3 Kg7 41. Qb3 Be8 42. Nd5 Bxg6 43. Qb7+ Kh8 44. Qc6 Qa5 45. Qf6+ Kh7 46. Qe7+
Kh8 47. Qf8+ 1-0

[Event "London Classic - FIDE Open"]
[Site "Olympia"]
[Date "2009.12.13"]
[Round "7"]
[White "Hammer, Jon Ludvig"]
[Black "McDonald, Neil"]
[Result "1-0"]
[WhiteElo "2588"]
[BlackElo "2412"]
[PlyCount "53"]
[EventDate "2009.??.??"]

1. d4 d5 2. c4 e6 3. Nf3 Nf6 4. g3 c6 5. Bg2 Nbd7 6. O-O Be7 7. Qc2 O-O 8. Rd1
b6 9. Nc3 Bb7 10. b3 Rc8 11. e4 Nxe4 12. Nxe4 dxe4 13. Qxe4 Bf6 14. Be3 Qe7 15.
Rac1 Rfd8 16. h4 Ba8 17. c5 g6 18. Bg5 Qf8 19. Qe3 Bb7 20. Nd2 Bxg5 21. hxg5 e5
22. Ne4 exd4 23. Rxd4 Nxc5 24. Nf6+ Kh8 25. Rh4 h5 26. Qc3 Qg7 27. Qf3 1-0

[Event "London Classic - FIDE Open"]
[Site "Olympia"]
[Date "2009.12.13"]
[Round "7"]
[White "Houska, Jovanka"]
[Black "Hebden, Mark L"]
[Result "1/2-1/2"]
[WhiteElo "2391"]
[BlackElo "2522"]
[PlyCount "208"]
[EventDate "2009.??.??"]

1. d4 Nf6 2. Nf3 g6 3. c4 Bg7 4. g3 O-O 5. Bg2 d6 6. O-O Nc6 7. Nc3 Rb8 8. b3
e5 9. dxe5 dxe5 10. Ba3 Re8 11. Qxd8 Rxd8 12. Rad1 Bg4 13. h3 Bxf3 14. Bxf3 Nd4
15. Bg2 Bf8 16. Bxf8 Kxf8 17. e3 Ne6 18. Rxd8+ Nxd8 19. f4 c6 20. g4 h6 21. Kh2
Ke7 22. Kg3 Ne6 23. Rd1 a5 24. Be4 Rg8 25. Bc2 exf4+ 26. exf4 g5 27. fxg5 hxg5
28. Bf5 Nc5 29. h4 gxh4+ 30. Kxh4 Rd8 31. Rxd8 Kxd8 32. g5 Ne8 33. Kg4 Nd6 34.
g6 fxg6 35. Bxg6 Ke7 36. Kf4 Kf6 37. Ne4+ Ndxe4 38. Bxe4 Ne6+ 39. Ke3 Ke5 40.
a3 Nc5 41. Bc2 Na6 42. Be4 Kd6 43. Kd4 c5+ 44. Kc3 b6 45. Bb7 Nc7 46. b4 Ne6
47. Kb3 Nd4+ 48. Ka4 axb4 49. axb4 Ke5 50. bxc5 bxc5 {fast-forward to move 97
now, please} 51. Ka3 Nf5 52. Kb3 Kd4 53. Bd5 Kd3 54. Bg8 Nd4+ 55. Kb2 Nf3 56.
Kb3 Nd2+ 57. Kb2 Nf3 58. Kb3 Kd2 59. Kb2 Kd3 60. Kb3 Kd4 61. Bd5 Ng1 62. Kb2
Ne2 63. Bg8 Nf4 64. Kb3 Nh5 65. Bf7 Nf6 66. Kb2 Ke5 67. Kc3 Kd6 68. Kd3 Kc6 69.
Kc3 Kb6 70. Kb3 Ka5 71. Ka3 Ng4 72. Be6 Ne3 73. Kb3 Ng2 74. Bd5 Nf4 75. Bg8 Kb6
76. Kc3 Ne2+ 77. Kb3 Kc7 78. Kb2 Kd7 79. Kc2 Nd4+ 80. Kc3 Ke7 81. Kd3 Nc6 82.
Kc3 Kf6 83. Bd5 Ne7 84. Kd3 Ke5 85. Kc3 Kf4 86. Bf7 Ke3 87. Bd5 Ng6 88. Bg8 Nf4
89. Bf7 Ne2+ 90. Kb2 Kd3 91. Bg8 Nd4 92. Bd5 Nf5 93. Kb3 Ne3 94. Bg8 Nf1 95.
Bf7 Nd2+ 96. Kb2 Kd4 97. Bg8 Nxc4+ {move 47 of 50!} 98. Bxc4 Kxc4 99. Kc2 Kd4
100. Kd2 c4 101. Kc2 c3 102. Kc1 Kd3 103. Kd1 c2+ 104. Kc1 Kc3 1/2-1/2

[Event "London Classic - FIDE Open"]
[Site "Olympia"]
[Date "2009.12.13"]
[Round "7"]
[White "Aikhoje, Odion"]
[Black "Wells, Peter K"]
[Result "0-1"]
[WhiteElo "2252"]
[BlackElo "2489"]
[PlyCount "110"]
[EventDate "2009.??.??"]

1. Nf3 d5 2. d4 Nf6 3. Bg5 Ne4 4. Bf4 c5 5. c3 cxd4 6. cxd4 Nc6 7. Nc3 Nxc3 8.
bxc3 g6 9. e3 Bg7 10. h3 O-O 11. Be2 Bf5 12. O-O Rc8 13. Qb3 Qd7 14. Nd2 e5 15.
Bg3 Rfe8 16. Bb5 a6 17. Bxc6 Qxc6 18. Bxe5 Bxe5 19. dxe5 Qxc3 20. Qxc3 Rxc3 21.
Rfc1 Rxc1+ 22. Rxc1 Rxe5 23. Nf3 Re7 24. Rc5 Be4 25. Nd4 h5 26. a4 Rd7 27. h4
Kf8 28. f3 Bd3 29. Rc8+ Ke7 30. Kf2 Rd8 31. Rc7+ Rd7 32. Rc8 Kd6 33. Ke1 Bc4
34. Kd2 Rc7 35. Rxc7 Kxc7 36. g4 a5 37. Kc3 Kb6 38. gxh5 gxh5 39. e4 Kc5 40. e5
b5 41. axb5 Bxb5 42. Nb3+ Kb6 43. Kd4 a4 44. Nc5 a3 45. Nb3 a2 46. f4 Bd7 47.
Kc3 Ba4 48. Na1 Kc5 49. f5 d4+ 50. Kb2 Kd5 51. e6 fxe6 52. fxe6 Kxe6 53. Kxa2
Ke5 54. Kb2 Ke4 55. Kc1 Ke3 0-1

[Event "London Classic - FIDE Open"]
[Site "Olympia"]
[Date "2009.12.13"]
[Round "7"]
[White "Arkell, Keith C"]
[Black "Rendle, Thomas E"]
[Result "0-1"]
[WhiteElo "2464"]
[BlackElo "2382"]
[PlyCount "82"]
[EventDate "2009.??.??"]

1. d4 f5 2. Bg5 g6 3. Nd2 Bg7 4. e4 fxe4 5. Nxe4 d5 6. Ng3 c5 7. Nf3 Nc6 8.
dxc5 Qa5+ 9. c3 Qxc5 10. Bd3 Nf6 11. O-O O-O 12. Qd2 Bg4 13. b4 Qd6 14. b5 Na5
15. Bf4 Qc5 16. Ne5 Rac8 17. Rac1 Nc4 18. Bxc4 dxc4 19. Rfe1 Nd5 20. Ne4 Qxb5
21. Rb1 Qa5 22. Bg3 Bf5 23. Rxb7 Rfd8 24. Qe2 Qa6 25. Rb2 Qe6 26. Ng5 Qf6 27.
Ne4 Bxe4 28. Qxe4 Nxc3 29. Qg4 Nd5 30. Rd2 Qf5 31. Qd1 e6 32. Qa4 c3 33. Rde2
c2 34. Nc6 Nc3 35. Ne7+ Kh8 36. Qxc2 Nxe2+ 37. Qxe2 Rc2 38. Qa6 Qf6 39. Nc6 Qc3
40. Nxd8 Qxe1+ 41. Qf1 Rc1 0-1

[Event "London Classic - FIDE Open"]
[Site "Olympia"]
[Date "2009.12.13"]
[Round "7"]
[White "Berzinsh, Roland"]
[Black "Piper, Matthew S"]
[Result "1/2-1/2"]
[WhiteElo "2424"]
[BlackElo "2304"]
[PlyCount "105"]
[EventDate "2009.??.??"]

1. e4 e5 2. Nf3 Nc6 3. Bb5 Nf6 4. O-O Bc5 5. Nxe5 Nxe4 6. Qe2 Nxe5 7. d4 Qe7 8.
Qxe4 Nc6 9. Qxe7+ Bxe7 10. c3 O-O 11. Re1 Bf6 12. Bf4 d6 13. Nd2 Bf5 14. Nf1 a6
15. Ba4 Ne7 16. Ng3 Bg6 17. Ne4 Bxe4 18. Rxe4 Nd5 19. Bg3 Nb6 20. Bb3 Rfe8 21.
f3 Re7 22. Rxe7 Bxe7 23. Re1 Kf8 24. Kf1 Re8 25. Bc2 Bd8 26. Rxe8+ Kxe8 27. Ke2
g6 28. Bf4 Kd7 29. b4 d5 30. g4 Nc4 31. Bg3 Ke6 32. a4 c6 33. a5 Nd6 34. h4 Nb5
35. Be1 Bc7 36. Bd2 Nd6 37. h5 Nc4 38. Bc1 Nd6 39. Kf2 Bd8 40. Kg3 Nb5 41. Bd2
Bc7+ 42. Kh3 Bd8 43. Bd3 Be7 44. g5 Bd8 45. Kg4 Bc7 46. Bf1 Nd6 47. Bf4 Bd8 48.
Bxd6 Kxd6 49. Bd3 Ke6 50. Bf1 f5+ 51. gxf6 Kxf6 52. Bh3 b6 53. hxg6 1/2-1/2

[Event "London Classic - FIDE Open"]
[Site "Olympia"]
[Date "2009.12.13"]
[Round "7"]
[White "Buckley, Graeme N"]
[Black "Summerscale, Aaron P"]
[Result "1/2-1/2"]
[WhiteElo "2388"]
[BlackElo "2449"]
[PlyCount "120"]
[EventDate "2009.??.??"]

1. d4 e6 2. e4 d5 3. Nc3 Be7 4. Nf3 Nf6 5. e5 Ne4 6. Bd3 Nxc3 7. bxc3 c5 8. h4
Qa5 9. Bd2 c4 10. Be2 Nc6 11. h5 h6 12. Rh3 Bd7 13. Rg3 Rh7 14. Kf1 O-O-O 15.
Bf4 Be8 16. Qd2 Rd7 17. Rh3 Qa3 18. Bh2 Bd8 19. Ng1 Ba5 20. Bg4 Qb2 21. Qd1 Rd8
22. Ne2 Rh8 23. Bf4 Qa3 24. Bc1 Qa4 25. Rg3 Ne7 26. Bh3 Rh7 27. f4 Bd7 28. Rf3
Rg8 29. Bd2 Kb8 30. Be1 Rc8 31. g4 g6 32. Bh4 Bd8 33. Ng3 Qa3 34. Bf6 Qa5 35.
Qb1 Nc6 36. Bxd8 Rxd8 37. Qb2 Qa4 38. Ke2 b5 39. Kd2 Kc7 40. a3 Rb8 41. hxg6
fxg6 42. f5 gxf5 43. gxf5 exf5 44. Nh5 Be6 45. Rg1 Ne7 46. Rfg3 Rf8 47. Nf4 Kd7
48. Qc1 Qa5 49. Bg2 h5 50. Bf3 h4 51. Rh3 Rfh8 52. Rg5 Bf7 53. Qe1 Qb6 54. Rg1
Qh6 55. Qe3 Be6 56. Bh5 Qf8 57. Rxh4 Rh6 58. Rhh1 a5 59. Rg5 Bf7 60. Qf3 Bxh5 {
time scramble, eventually ...} 1/2-1/2

[Event "London Classic - FIDE Open"]
[Site "Olympia"]
[Date "2009.12.13"]
[Round "7"]
[White "Collyer, Curt D"]
[Black "Barle, Janez"]
[Result "0-1"]
[WhiteElo "2294"]
[BlackElo "2420"]
[PlyCount "68"]
[EventDate "2009.??.??"]

1. d4 Nc6 2. d5 Ne5 3. e4 Ng6 4. f4 e5 5. dxe6 dxe6 6. Qxd8+ Kxd8 7. Nf3 Bb4+
8. c3 Bc5 9. Bd3 Nf6 10. Ke2 Re8 11. g3 Ke7 12. Nbd2 Kf8 13. b4 Be7 14. Nb3 b6
15. e5 Nd5 16. Bd2 Bb7 17. a3 Red8 18. Rhf1 a5 19. bxa5 bxa5 20. c4 a4 21. Na5
Rxa5 22. Bxa5 Ndxf4+ 23. gxf4 Nxf4+ 24. Ke3 Nxd3 25. Nd4 Bc5 26. Kxd3 Rxd4+ 27.
Kc3 Ba6 28. Rac1 Rxc4+ 29. Kb2 Bd4+ 30. Kb1 Bxe5 31. Rcd1 Bd6 32. Rf3 Bb7 33.
Rh3 Be4+ 34. Kb2 Rc2+ 0-1

[Event "London Classic - FIDE Open"]
[Site "Olympia"]
[Date "2009.12.13"]
[Round "7"]
[White "Roberson, Peter T"]
[Black "Loeffler, Stefan"]
[Result "1/2-1/2"]
[WhiteElo "2236"]
[BlackElo "2416"]
[PlyCount "42"]
[EventDate "2009.??.??"]

1. e4 c5 2. Nc3 e6 3. f4 Ne7 4. Nf3 Nbc6 5. g3 d5 6. d3 b5 7. Bg2 b4 8. Ne2 Ba6
9. Be3 c4 10. Ned4 dxe4 11. dxe4 c3 12. bxc3 bxc3 13. Bf1 Bxf1 14. Kxf1 Qa5 15.
Qd3 Rc8 16. Nb3 Qa3 17. Kg2 Nb4 18. Qb5+ Nec6 19. Nfd4 Be7 20. Nxc6 Nxc6 21.
Nd4 Qc5 1/2-1/2

[Event "London Classic - FIDE Open"]
[Site "Olympia"]
[Date "2009.12.13"]
[Round "7"]
[White "Ferguson, Mark"]
[Black "Sinanan, Joshua C"]
[Result "1-0"]
[WhiteElo "2410"]
[BlackElo "2249"]
[PlyCount "41"]
[EventDate "2009.??.??"]

1. e4 c5 2. Nf3 e6 3. b3 b6 4. Bb2 Bb7 5. Qe2 d6 6. d4 cxd4 7. Nxd4 Nf6 8. Nc3
Be7 9. O-O-O Nbd7 10. g4 O-O 11. g5 Ne8 12. h4 g6 13. f4 Ng7 14. h5 e5 15. fxe5
Bxg5+ 16. Kb1 Nxe5 17. hxg6 fxg6 18. Ndb5 Ne8 19. Nd5 a6 20. Nxd6 Nxd6 21. Qh2
1-0

[Event "London Classic - FIDE Open"]
[Site "Olympia"]
[Date "2009.12.13"]
[Round "7"]
[White "Rowe, Duane"]
[Black "Crawley, Gavin"]
[Result "1-0"]
[WhiteElo "2194"]
[BlackElo "2407"]
[PlyCount "57"]
[EventDate "2009.??.??"]

1. e4 e5 2. Nf3 Nc6 3. Bc4 Nf6 4. d3 Bc5 5. O-O d6 6. c3 O-O 7. b4 Bb6 8. a4 a6
9. Bg5 h6 10. Bh4 a5 11. b5 Ne7 12. Bxf6 gxf6 13. Nh4 c6 14. Qh5 d5 15. Bb3 Kh7
16. d4 exd4 17. Bc2 Kg7 18. cxd4 dxe4 19. Ra3 Qxd4 20. Rg3+ Kh7 21. Nf3 Qd5 22.
Qh4 Bf5 23. Nc3 Qe6 24. Nxe4 Bxe4 25. Bxe4+ Ng6 26. Re1 Qa2 27. Rh3 Rh8 28.
Bxg6+ Kxg6 29. Rg3+ 1-0

[Event "London Classic - FIDE Open"]
[Site "Olympia"]
[Date "2009.12.13"]
[Round "7"]
[White "Pcola, Pavol"]
[Black "Lyell, Mark"]
[Result "1-0"]
[WhiteElo "2386"]
[BlackElo "2245"]
[PlyCount "59"]
[EventDate "2009.??.??"]

1. c4 e5 2. Nc3 Nc6 3. g3 f5 4. Bg2 Nf6 5. e3 d5 6. Nxd5 Nxd5 7. cxd5 Nb4 8. d3
c6 9. dxc6 Nxd3+ 10. Kf1 e4 11. cxb7 Bxb7 12. Ne2 Be7 13. Qa4+ Kf7 14. Bd2 Rf8
15. Bc3 Kg8 16. Rd1 Bf6 17. Nf4 Bxc3 18. Nxd3 Bf6 19. Nc5 Qb6 20. Nxb7 Qxb7 21.
b3 Rac8 22. Bh3 Rc2 23. Kg2 Bg5 24. Rhe1 Qf7 25. Kg1 f4 26. exf4 Bxf4 27. Qxe4
Bxg3 28. Be6 Bxf2+ 29. Kh1 Bxe1 30. Bxf7+ 1-0

[Event "London Classic - FIDE Open"]
[Site "Olympia"]
[Date "2009.12.13"]
[Round "7"]
[White "Cox, John J"]
[Black "Anderton, Matthew N"]
[Result "1/2-1/2"]
[WhiteElo "2377"]
[BlackElo "2232"]
[PlyCount "126"]
[EventDate "2009.??.??"]

1. c4 Nf6 2. g3 e5 3. Bg2 c6 4. d4 exd4 5. Qxd4 d5 6. Nf3 Na6 7. O-O Bc5 8.
Qe5+ Be6 9. cxd5 Qxd5 10. Nc3 Qxe5 11. Nxe5 O-O-O 12. Nd3 Bd4 13. Bf4 h6 14.
Rfd1 g5 15. Be5 Rhe8 16. Bxd4 Rxd4 17. Ne1 Red8 18. Rxd4 Rxd4 19. Nf3 Rd8 20.
e3 Nb4 21. Nd4 Bc4 22. a3 Nd3 23. b3 c5 24. bxc4 cxd4 25. exd4 Rxd4 26. Nb5 Rd8
27. Nxa7+ Kb8 28. Nb5 Ne5 29. c5 Nfd7 30. Rd1 g4 31. Be4 Rf8 32. Bf5 Nf3+ 33.
Kg2 Nde5 34. Bxg4 Nxh2 35. Bh5 Nhg4 36. Bxg4 Nxg4 37. Rd7 Nf6 38. Rd6 Ne4 39.
Rxh6 Nxc5 40. Rf6 Nd7 41. Rf5 f6 42. g4 Kc8 43. Kg3 Kd8 44. Rh5 Rg8 45. Kf4 Ne5
46. f3 Kd7 47. Rh6 Ng6+ 48. Kg3 Ke6 49. f4 Ne7 50. Rh7 b6 51. Nd4+ Kd6 52. Nb5+
Ke6 53. Kf3 Nd5 54. f5+ Ke5 55. Rh1 Ne3 56. Re1 Rxg4 57. Rxe3+ Kxf5 58. Nd6+
Kg5 59. Ne4+ Kf5 60. Nd6+ Kg5 61. Ne4+ Kf5 62. Nxf6 Rf4+ 63. Kg3 Rd4 {a few
more moves: Black won the knight and held the ending} 1/2-1/2

[Event "London Classic - FIDE Open"]
[Site "Olympia"]
[Date "2009.12.13"]
[Round "7"]
[White "Quillan, Gary"]
[Black "Barrett, Stephen J"]
[Result "1/2-1/2"]
[WhiteElo "2394"]
[BlackElo "2202"]
[PlyCount "68"]
[EventDate "2009.??.??"]

1. e4 c5 2. Nf3 e6 3. c3 Nf6 4. e5 Nd5 5. d4 cxd4 6. cxd4 b6 7. Nc3 Nxc3 8.
bxc3 Qc7 9. Bd2 Bb7 10. Bd3 d6 11. O-O Nd7 12. Re1 dxe5 13. Nxe5 Nxe5 14. Rxe5
Bd6 15. Bb5+ Bc6 16. Qf3 Rc8 17. Bxc6+ Qxc6 18. d5 Qb7 19. Rh5 Rc7 20. Re1 Re7
21. c4 exd5 22. Rxd5 Bc5 23. Rd1 O-O 24. Bc3 f6 25. Qd3 Qc6 26. h4 Qe6 27. Re1
Qf7 28. Rxe7 Bxe7 29. Rd7 Qe6 30. Qd5 Qxd5 31. cxd5 Bc5 32. Kf1 Rf7 33. Rd8+
Rf8 34. Rd7 Rf7 1/2-1/2

[Event "London Classic - FIDE Open"]
[Site "Olympia"]
[Date "2009.12.13"]
[Round "7"]
[White "Taylor, Peter P"]
[Black "Slavin, Alexei"]
[Result "1/2-1/2"]
[WhiteElo "2221"]
[BlackElo "2392"]
[PlyCount "82"]
[EventDate "2009.??.??"]

1. c4 b6 2. Nf3 Bb7 3. g3 Nf6 4. Bg2 e6 5. O-O Be7 6. d4 O-O 7. Nc3 Na6 8. d5
Bb4 9. Bd2 Nc5 10. Rc1 a5 11. Ne1 d6 12. Nc2 e5 13. Ne3 Bxc3 14. Bxc3 Nfe4 15.
Bxe4 Nxe4 16. f4 Nxc3 17. Rxc3 exf4 18. Rxf4 Bc8 19. Nf5 Bxf5 20. Rxf5 g6 21.
Rf4 Qg5 22. Qd4 Rae8 23. Re3 Re5 24. h4 Qe7 25. Rfe4 Re8 26. Rxe5 dxe5 27. Qc3
Qc5 28. Kg2 e4 29. g4 Qd6 30. Rg3 Qf4 31. e3 Qd6 32. h5 g5 33. Rh3 h6 34. Rh1
f6 35. Rf1 Re5 36. b3 Kg7 37. Qd4 Qc5 38. Qc3 Qe7 39. Qd4 Qd7 40. Kh3 Qd6 41.
Kg2 Qd7 1/2-1/2

[Event "London Classic - FIDE Open"]
[Site "Olympia"]
[Date "2009.12.13"]
[Round "7"]
[White "Lasinskas, Povilas"]
[Black "Hennigan, Michael T"]
[Result "0-1"]
[WhiteElo "2187"]
[BlackElo "2385"]
[PlyCount "95"]
[EventDate "2009.??.??"]

1. d4 Nf6 2. c4 g6 3. Nc3 Bg7 4. e4 d6 5. h3 O-O 6. Nf3 Na6 7. Bg5 h6 8. Be3 e5
9. d5 Nc5 10. Nd2 a5 11. a3 a4 12. Bxc5 dxc5 13. Nxa4 Qe7 14. Nc3 h5 15. Be2
Bh6 16. O-O Ne8 17. Kh1 Ra6 18. Nf3 f5 19. Ng1 Raf6 20. Rb1 Nd6 21. Bd3 Kg7 22.
Qe2 f4 23. f3 g5 24. b4 b6 25. bxc5 bxc5 26. Qf2 g4 27. Qxc5 gxh3 28. gxh3 Rg6
29. Rb2 Rf7 30. Rff2 Kh7 31. Rg2 Rg3 32. Rxg3 fxg3 33. Nb5 Qh4 34. Kg2 Bf8 35.
Nxd6 Bxd6 36. Qe3 Qe7 37. Rb5 Bd7 38. c5 Bxb5 39. cxd6 Qe8 40. dxc7 Rxc7 41.
Bxb5 Qxb5 42. Kxg3 Qf1 43. Kh4 Rg7 44. Ne2 Qg2 45. a4 Qg6 46. a5 Qf6+ 47. Kxh5
Qg6+ 48. Kh4 {Black probably now played 48. ... Kh8/Kg8 but this is not
recorded} 0-1

[Event "London Classic - FIDE Open"]
[Site "Olympia"]
[Date "2009.12.13"]
[Round "7"]
[White "Lagerman, Robert"]
[Black "Franklin, Michael J"]
[Result "1-0"]
[WhiteElo "2358"]
[BlackElo "2181"]
[PlyCount "148"]
[EventDate "2009.??.??"]

1. e4 c5 2. Nf3 a6 3. d4 cxd4 4. Nxd4 Nf6 5. Nc3 e5 6. Nb3 Bb4 7. Bc4 Qc7 8.
Qd3 d6 9. Bd2 Nbd7 10. Nd5 Bxd2+ 11. Nxd2 Nxd5 12. Bxd5 Nf6 13. Bb3 O-O 14. Nc4
Rd8 15. Ne3 Be6 16. O-O Qc5 17. Rfd1 Rd7 18. Rd2 Rad8 19. Rad1 g6 20. c3 Kg7
21. g3 Qc6 22. Bd5 Bxd5 23. Nxd5 Nxd5 24. Qxd5 Qxd5 25. Rxd5 Kf6 26. f4 Ke6 27.
Kf2 f6 28. Ke3 Rc8 29. g4 exf4+ 30. Kxf4 Rc6 31. h4 Rf7 32. c4 Rd7 33. b3 b6
34. R1d2 a5 35. g5 Rf7 36. gxf6 Rxf6+ 37. Kg5 Rf7 38. Re2 Rcc7 39. Kg4 Rc5 40.
Kg3 Rcc7 41. Red2 Rc5 42. Re2 Rcc7 43. Kg4 Rc5 44. Kg3 Rf1 45. Red2 Rc6 46. h5
Rf6 47. hxg6 Rxg6+ 48. Kf4 Rf6+ 49. Rf5 Rh6 50. Rfd5 Rh4+ 51. Ke3 Rh3+ 52. Kd4
Rc5 53. Rg2 Kd7 54. Rg7+ Kc6 55. Re7 Rh1 56. Re6 Rd1+ 57. Kc3 Rcxd5 58. exd5+
Kc5 59. Re7 Rc1+ 60. Kb2 Rh1 61. Rc7+ Kd4 62. Rc6 b5 63. cxb5 Kxd5 64. Rc7 Rg1
65. Rxh7 Kc5 66. a4 d5 67. Rc7+ Kb6 68. Rc6+ Kb7 69. Rd6 Rg5 70. Ra6 d4 71. Rd6
Rg4 72. Kc2 Kc7 73. Ra6 Rg3 74. Rxa5 Kb7 {some more moves} 1-0

[Event "London Classic - FIDE Open"]
[Site "Olympia"]
[Date "2009.12.13"]
[Round "7"]
[White "Healey, Michael W"]
[Black "Rudd, Jack"]
[Result "0-1"]
[WhiteElo "2058"]
[BlackElo "2296"]
[PlyCount "54"]
[EventDate "2009.??.??"]

1. f4 d5 2. Nf3 Nf6 3. b3 g6 4. Bb2 Bg7 5. e3 O-O 6. Be2 c5 7. O-O Nc6 8. h3 d4
9. Bc4 Ne4 10. Qe1 Nd6 11. d3 Nb4 12. Qe2 b5 13. a3 Nxc2 14. Bxf7+ Rxf7 15.
Qxc2 Nf5 16. Qxc5 Nxe3 17. Rc1 Bb7 18. Nbd2 Rxf4 19. Qg5 Rf5 20. Qg3 e5 21. b4
Bh6 22. Rc5 Nxg2 23. Ne4 Nf4 24. Re1 Nxd3 25. Nxd4 Bxe4 26. Rxe4 Rg5 27. Rg4
Nxc5 0-1

[Event "London Classic - FIDE Open"]
[Site "Olympia"]
[Date "2009.12.13"]
[Round "7"]
[White "Storey, Charles H"]
[Black "Rodriguez Fonseca, Jorge"]
[Result "1/2-1/2"]
[WhiteElo "2292"]
[BlackElo "2032"]
[PlyCount "148"]
[EventDate "2009.??.??"]

1. e4 d5 2. exd5 Qxd5 3. Nc3 Qa5 4. Bc4 Nf6 5. d3 Bg4 6. f3 Bh5 7. Bd2 Qb6 8.
g4 Bg6 9. h4 h6 10. Nh3 e6 11. Qe2 Nbd7 12. Nf4 Bh7 13. O-O-O O-O-O 14. g5 Ne8
15. g6 Bxg6 16. Nxg6 fxg6 17. Bxe6 Nd6 18. Qg2 Kb8 19. Bxd7 Rxd7 20. Qxg6 Nc8
21. Qxb6 Nxb6 22. Rhg1 Rf7 23. f4 Be7 24. h5 Nd7 25. Ne4 Nf6 26. Nxf6 Bxf6 27.
Rde1 b6 28. c4 Rd8 29. Kc2 Rfd7 30. Bc3 Rxd3 31. Bxf6 Rd2+ 32. Kc1 gxf6 33. Rg8
Rd1+ 34. Rxd1 Rxg8 35. Rd5 Rg2 36. Rf5 Rh2 37. Rxf6 Rxh5 38. Kd2 Rh3 39. b4 Kc8
40. Rf7 h5 41. c5 bxc5 42. bxc5 Rh2+ 43. Kd3 Rxa2 44. Ke4 Kb7 45. Rh7 Rh2 46.
f5 a5 47. f6 a4 48. Kd5 a3 49. c6+ Kb6 50. Rh8 Rd2+ 51. Ke6 Kxc6 52. Ra8 Re2+
53. Kf5 Rf2+ 54. Kg6 Rf3 55. f7 Kb5 56. Rxa3 Rxa3 57. f8=Q c5 58. Kxh5 Rd3 59.
Kg4 Kc4 60. Kf4 Rd4+ 61. Ke3 Rd3+ 62. Ke2 Rd4 63. Qf3 Kb4 64. Qe3 Kc4 65. Qc1+
Kb4 66. Ke3 Kb5 67. Qa1 Kc6 68. Qa8+ Kb5 69. Qb7+ Kc4 70. Ke2 Kc3 71. Qb5 Re4+
72. Kd1 Rc4 73. Ke2 Re4+ 74. Kf3 Rc4 {scoresheet illegible: Black lost the
c-pawn but held KQ v KR} 1/2-1/2

[Event "London Classic - FIDE Open"]
[Site "Olympia"]
[Date "2009.12.13"]
[Round "7"]
[White "Chapman, Terry P D"]
[Black "Warman, Simon M"]
[Result "1-0"]
[WhiteElo "2222"]
[BlackElo "2153"]
[PlyCount "79"]
[EventDate "2009.??.??"]

1. Nf3 c5 2. c4 Nf6 3. d4 Na6 4. Nc3 d6 5. g3 g6 6. Bg2 Bg7 7. O-O O-O 8. h3
Bd7 9. b3 Qc8 10. Kh2 Bc6 11. Bb2 cxd4 12. Nxd4 Bxg2 13. Kxg2 Nc5 14. Rc1 b6
15. f3 e5 16. Nc2 e4 17. Nd5 exf3+ 18. exf3 Nxd5 19. Bxg7 Nf4+ 20. gxf4 Kxg7
21. Qxd6 Re8 22. Rfe1 Qf5 23. Ne3 Qd3 24. Rcd1 Rad8 25. Qc7 Qc3 26. Rxd8 Rxd8
27. Qxd8 Qxe1 28. Qd4+ f6 29. Nd5 Qe2+ 30. Qf2 Qd1 31. Qe3 Kh6 32. Nxf6 Nd3 33.
f5+ g5 34. Ng4+ Kh5 35. Nf2 Ne1+ 36. Kf1 Qxf3 37. Qxe1 Qxf5 38. Qe2+ Kh6 39.
Qe4 Qd7 40. Ng4+ 1-0

[Event "London Classic - FIDE Open"]
[Site "Olympia"]
[Date "2009.12.13"]
[Round "7"]
[White "Conquest, Stuart C"]
[Black "Fegan, Chris"]
[Result "1-0"]
[WhiteElo "2563"]
[BlackElo "2078"]
[PlyCount "71"]
[EventDate "2009.??.??"]

1. e4 g6 2. d4 Bg7 3. c3 d6 4. Bg5 h6 5. Bh4 Nf6 6. Nd2 e5 7. dxe5 dxe5 8. Ngf3
Bg4 9. h3 Bxf3 10. Qxf3 Nbd7 11. Bc4 O-O 12. Rd1 g5 13. Bg3 Rb8 14. Nf1 Ne8 15.
Ne3 Nd6 16. Bd5 Qf6 17. h4 Qxf3 18. gxf3 Rbe8 19. hxg5 hxg5 20. Bxb7 Nc5 21.
Bc6 Rb8 22. b4 Ne6 23. Rh5 f6 24. Bd5 Kf7 25. Nf5 Kg6 26. Rh2 Rfe8 27. Kd2 Rbd8
28. Kc2 Nf8 29. Ne3 Nd7 30. f4 f5 31. exf5+ Nxf5 32. Be4 exf4 33. Bxf5+ Kf6 34.
Bxd7 fxg3 35. Nd5+ Ke5 36. fxg3 1-0

[Event "London Classic - FIDE Open"]
[Site "Olympia"]
[Date "2009.12.13"]
[Round "7"]
[White "Clarke, Brandon G I"]
[Black "Britton, Richard L"]
[Result "1/2-1/2"]
[WhiteElo "2056"]
[BlackElo "2254"]
[PlyCount "87"]
[EventDate "2009.??.??"]

1. d4 Nf6 2. Nf3 g6 3. Bf4 Bg7 4. e3 O-O 5. Nbd2 d6 6. h3 Nbd7 7. Bc4 b6 8. O-O
Bb7 9. c3 e6 10. Qc2 Qe7 11. e4 e5 12. Bg5 h6 13. Bh4 g5 14. Bg3 Nh5 15. Rfe1
Nxg3 16. fxg3 h5 17. d5 Bh6 18. Nf1 Bc8 19. Ne3 Nf6 20. Qd3 g4 21. Nh4 Bxe3+
22. Qxe3 Nh7 23. hxg4 hxg4 24. Rf1 Qg5 25. Qe2 f5 26. exf5 Bxf5 27. Nxf5 Rxf5
28. Rxf5 Qxf5 29. Rf1 Qg5 30. Bd3 Qg7 31. Qe4 Nf6 32. Qf5 Rf8 33. Qe6+ Kh8 34.
Qf5 Qh6 35. Rf2 Kg7 36. Qe6 e4 37. Be2 Re8 38. Qf5 Rh8 39. Rf4 e3 40. Rxg4+
Nxg4 41. Qd7+ Kg8 42. Qxg4+ Qg7 43. Qc8+ Qf8 44. Qg4+ 1/2-1/2

[Event "London Classic - FIDE Open"]
[Site "Olympia"]
[Date "2009.12.13"]
[Round "7"]
[White "Coleman, David J"]
[Black "Owen, Dennis"]
[Result "1/2-1/2"]
[WhiteElo "2244"]
[BlackElo "2055"]
[PlyCount "62"]
[EventDate "2009.??.??"]

1. e4 e6 2. d4 b6 3. Nf3 Bb7 4. Bd3 c5 5. c3 cxd4 6. cxd4 Nf6 7. Nbd2 Be7 8.
O-O O-O 9. Re1 Nc6 10. Nf1 Rc8 11. a3 Re8 12. Ng3 d5 13. e5 Nd7 14. Nh5 g6 15.
Nf4 Nf8 16. Nh3 f5 17. exf6 Bxf6 18. Bg5 Bxg5 19. Nfxg5 Qf6 20. Bb5 e5 21. dxe5
Rxe5 22. Rxe5 Nxe5 23. Be2 h6 24. Nf3 Nxf3+ 25. Bxf3 Qxb2 26. Nf4 Rc2 27. Rb1
Qa2 28. Ra1 Qb2 29. Rb1 Qa2 30. Ra1 Qb2 31. Rb1 Qa2 1/2-1/2

[Event "London Classic - FIDE Open"]
[Site "Olympia"]
[Date "2009.12.13"]
[Round "7"]
[White "Seymour, Timothy P"]
[Black "Dimitrijeski, Boris"]
[Result "1-0"]
[WhiteElo "2041"]
[BlackElo "2236"]
[PlyCount "73"]
[EventDate "2009.??.??"]

1. e4 c5 2. Nf3 Nc6 3. c3 Nf6 4. e5 Nd5 5. Bc4 Nb6 6. Bb3 d5 7. exd6 Qxd6 8.
Na3 Be6 9. d4 cxd4 10. Nb5 Qd7 11. O-O Bxb3 12. axb3 dxc3 13. bxc3 Rc8 14. Nxa7
Ra8 15. Be3 Rxa7 16. Rxa7 Nxa7 17. Bxb6 Nc8 18. Qxd7+ Kxd7 19. Rd1+ Kc6 20. Be3
Nd6 21. c4 b6 22. Ne5+ Kc7 23. Ra1 Kb7 24. Ra4 f6 25. Nd7 Nc8 26. Nxb6 Nxb6 27.
Rb4 e5 28. Rxb6+ Kc7 29. c5 Be7 30. Kf1 f5 31. Re6 Bf6 32. b4 Rb8 33. Bd2 e4
34. Bf4+ Kd7 35. Rxf6 Rxb4 36. c6+ Ke7 37. Bd6+ 1-0